000 00596nam a2200253Ia 4500
005 20260121161032.0
008 008 260114s9999 xx 000 0 eng d
020 _a9781315172316
037 _aEBOOK
040 _aCRL
040 _beng
040 _cCRL
041 _2eng
041 _aeng
084 _qCRL
100 _a Fiona M. Palmer
_91039398
245 0 _aVincent Novello (1781?1861)
260 _bTaylor and Francis
260 _c2006
856 _uhttp://www.taylorfrancis.com/books/9781315172316
942 _cEBOOK
999 _c1606214
_d1606214